[Event "Quebec op"]
[Site "Montreal"]
[Date "1998.07.31"]
[Round "8"]
[White "Gamback, Bjorn"]
[Black "Tansky, Alexandr"]
[Result "0-1"]
[WhiteElo "2215"]
[BlackElo "2140"]
[PlyCount "100"]
[EventDate "1998.07.25"]
[EventType "swiss"]
[EventRounds "9"]
[EventCountry "CAN"]
[SourceTitle "EXT 2022"]
[Source "ChessBase"]
[SourceDate "2021.10.06"]
[SourceVersion "1"]
[SourceVersionDate "2021.10.06"]
[SourceQuality "1"]

1. e4 d6 2. d4 Nd7 3. g3 e5 4. Ne2 Ngf6 5. Bg2 Be7 6. 0-0 c6 7. c4 Qc7 8. Qc2 h5 9. h3 Nf8 10. Be3 Ng6 11. Nd2 Bd7 12. dxe5 dxe5 13. f4 exf4 14. Nxf4 Ne5 15. Bd4 h4 16. Qc3 Ng6 17. Nxg6 fxg6 18. e5 Nh5 19. Ne4 Nxg3 20. Nxg3 hxg3 21. e6 Bxe6 22. Rae1 Qd6 23. c5 Qd7 24. Qe3 Bf5 25. Bc3 Kf7 26. Bxg7 Rh7 27. Bh6 Bxc5 28. Qxc5 Rxh6 29. Qc4+ Kg7 30. Qc3+ Kh7 31. Qxg3 Rg8 32. Qg5 Rg7 33. Rd1 Qc7 34. Rd8 Qb6+ 35. Kh2 Rf7 36. Rxf5 Qc7+ 37. Re5 Rh5 38. Qg3 Qxe5 39. Qxe5 Rxe5 40. Kg3 Re2 41. h4 Rxb2 42. Be4 Kg7 43. Rd6 Rf6 44. Rd7+ Kh6 45. a3 Rb3+ 46. Bd3 Rxa3 47. h5 Kxh5 48. Rh7+ Kg5 49. Rd7 a5 50. Kg2 Rxd3 0-1

[Event "Quebec op"]
[Site "Montreal"]
[Date "1998.07.31"]
[Round "7"]
[White "Leveille, Francois"]
[Black "Tansky, Alexandr"]
[Result "1-0"]
[WhiteElo "2295"]
[BlackElo "2040"]
[PlyCount "71"]
[EventDate "1998.07.25"]
[EventType "swiss"]
[EventRounds "9"]
[EventCountry "CAN"]
[SourceTitle "EXT 1999"]
[Source "ChessBase"]
[SourceDate "1998.11.16"]
[SourceVersion "1"]
[SourceVersionDate "1998.11.16"]
[SourceQuality "1"]

1. e4 e5 2. Nf3 d6 3. d4 Nd7 4. Bc4 c6 5. 0-0 Be7 6. dxe5 dxe5 7. Ng5 Bxg5 8. Qh5 Nh6 9. Bxg5 Nf6 10. Qh4 Rg8 11. h3 Qe7 12. Bb3 Be6 13. Rd1 Rh8 14. c3 Nhg8 15. Na3 h6 16. Rd3 Rh7 17. Bxf6 Nxf6 18. f3 g5 19. Qf2 h5 20. Bxe6 Qxe6 21. Qd2 g4 22. Rd1 Kf8 23. Rd6 Qe7 24. Nc4 gxh3 25. Qg5 Ne8 26. Qxe7+ Kxe7 27. Rd7+ Ke6 28. Rxb7 Rg7 29. Rdd7 Rxg2+ 30. Kh1 Rg7 31. Kh2 Kf6 32. Kxh3 h4 33. Rxa7 Rxa7 34. Rxa7 Rg3+ 35. Kxh4 Rxf3 36. Rxf7+ 1-0

[Event "Chania op 7th"]
[Site "Chania"]
[Date "1997.09.10"]
[Round "8"]
[White "Kasioura, Froso"]
[Black "Tansky, Alexandr"]
[Result "1/2-1/2"]
[WhiteElo "2005"]
[BlackElo "2035"]
[PlyCount "115"]
[EventDate "1997.09.03"]
[EventType "swiss"]
[EventRounds "9"]
[EventCountry "GRE"]
[SourceTitle "EXT 1998"]
[Source "ChessBase"]
[SourceDate "1997.11.17"]
[SourceVersion "1"]
[SourceVersionDate "1997.11.17"]
[SourceQuality "1"]

1. e4 d6 2. d4 Nd7 3. Nf3 g6 4. Be3 Bg7 5. Bc4 e6 6. 0-0 Ne7 7. Qd2 d5 8. exd5 exd5 9. Bd3 0-0 10. Bh6 Nf6 11. Bxg7 Kxg7 12. c4 Bg4 13. Ne5 Bf5 14. c5 c6 15. f3 Re8 16. Nc3 Qc7 17. Rae1 Nfg8 18. b4 a6 19. a4 f6 20. Ng4 Bxd3 21. Qxd3 Nf5 22. Ne3 Ngh6 23. b5 axb5 24. axb5 Nxe3 25. Rxe3 Nf5 26. Ree1 Qf4 27. Rxe8 Rxe8 28. Ne2 Qe3+ 29. Qxe3 Nxe3 30. Rb1 Nc2 31. bxc6 bxc6 32. Rb7+ Kh6 33. Kf2 g5 34. Rd7 Kg6 35. Rd6 h5 36. h4 Nb4 37. hxg5 Kxg5 38. f4+ Kf5 39. Ng3+ Kg4 40. Ne2 Kf5 41. Kf3 h4 42. g4+ hxg3 43. Nxg3+ Kg6 44. f5+ Kg5 45. Rd7 Nc2 46. Rg7+ Kh6 47. Rg6+ Kh7 48. Rxf6 Nxd4+ 49. Kf4 Kg7 50. Nh5+ Kg8 51. Rg6+ Kf7 52. Rg7+ Kf8 53. Rh7 Re7 54. Rxe7 Kxe7 55. f6+ Kf7 56. Ke5 Nb3 57. Nf4 Nxc5 58. Nxd5 1/2-1/2

[Event "Chania op 7th"]
[Site "Chania"]
[Date "1997.09.04"]
[Round "2"]
[White "Araslanov, Farid"]
[Black "Tansky, Alexandr"]
[Result "1-0"]
[WhiteElo "2270"]
[BlackElo "2035"]
[PlyCount "77"]
[EventDate "1997.09.03"]
[EventType "swiss"]
[EventRounds "9"]
[EventCountry "GRE"]
[SourceTitle "EXT 1998"]
[Source "ChessBase"]
[SourceDate "1997.11.17"]
[SourceVersion "1"]
[SourceVersionDate "1997.11.17"]
[SourceQuality "1"]

1. d4 d5 2. c4 e6 3. Nc3 Nf6 4. Bg5 Be7 5. Nf3 0-0 6. e3 Nbd7 7. Bd3 Re8 8. 0-0 c6 9. Qe2 Ne4 10. Bxe7 Nxc3 11. Bxh7+ Kh8 12. bxc3 Qxe7 13. Bc2 g6 14. e4 Nf6 15. e5 Nd7 16. h4 Kg7 17. Ng5 Rh8 18. g3 b6 19. Rfe1 Bb7 20. cxd5 cxd5 21. a4 Rac8 22. Qd3 Rh5 23. f4 Nb8 24. a5 b5 25. Re3 a6 26. Qe2 Nc6 27. f5 exf5 28. Bxf5 Rch8 29. Bg4 Rxg5 30. hxg5 Qxg5 31. Qf3 Qh6 32. Re2 Kg8 33. Rf1 Rh7 34. Qf4 Qxf4 35. Rxf4 Kf8 36. Ra2 Ke7 37. Rf6 Nd8 38. Rb6 Rh8 39. Rf2 1-0

[Event "Crete tt"]
[Site "Crete"]
[Date "1997.??.??"]
[Round "?"]
[White "Tansky, Alexandr"]
[Black "Frendzas, Panayotis"]
[Result "0-1"]
[WhiteElo "2035"]
[BlackElo "2405"]
[PlyCount "112"]
[EventDate "1997.??.??"]
[EventType "team"]
[EventRounds "3"]
[EventCountry "GRE"]
[SourceTitle "EXT 2004"]
[Source "ChessBase"]
[SourceDate "2003.11.25"]
[SourceVersion "1"]
[SourceVersionDate "2003.11.25"]
[SourceQuality "1"]

1. d4 d5 2. c4 c6 3. Nc3 Nf6 4. Nf3 dxc4 5. e3 b5 6. a4 b4 7. Na2 e6 8. Bxc4 Bb7 9. 0-0 Be7 10. Qb3 a5 11. Nc3 Nbd7 12. Ne2 c5 13. Rd1 Qb6 14. Nf4 0-0 15. Ng5 Nd5 16. Ngxe6 fxe6 17. Bxd5 exd5 18. Nxd5 Qe6 19. Nxe7+ Kf7 20. d5 Qxe7 21. e4 Kg8 22. f3 Ba6 23. Be3 c4 24. Qc2 Rac8 25. d6 Qe6 26. Rd5 Bb7 27. Rxa5 Qxd6 28. Rd1 Qe7 29. Ra7 Rc7 30. a5 Ra8 31. Rxa8+ Bxa8 32. a6 Ne5 33. h3 h6 34. Bd4 Rc8 35. Qa4 Nd3 36. Qc2 Qe6 37. a7 Rd8 38. Be3 Kh7 39. Qa4 Rc8 40. Qc2 Rd8 41. Ra1 Qc6 42. Rd1 Rd7 43. Ra1 c3 44. bxc3 Qxc3 45. Qa4 Nc5 46. Bxc5 Qxc5+ 47. Kh1 Rb7 48. Rb1 b3 49. Rxb3 Rxa7 50. Qb5 Qc1+ 51. Kh2 Qf4+ 52. Kh1 Ra2 53. Rb1 Rc2 54. Qa4 Qd2 55. Rg1 Bc6 56. Qa6 Bd7 0-1